Vista normal
Vista MARC
Entrada Personal Name
Número de registros utilizados en: 1
001 - CONTROL NUMBER
- control field: 62105
003 - CONTROL NUMBER IDENTIFIER
- control field: OSt
005 - DATE AND TIME OF LATEST TRANSACTION
- control field: 20250813164557.0
008 - FIXED-LENGTH DATA ELEMENTS
- fixed length control field: 250813|| aca||aabn | a|a d
040 ## - CATALOGING SOURCE
- Original cataloging agency: OSt
- Transcribing agency: OSt
100 ## - HEADING--PERSONAL NAME
- Personal name: Johansen, Hanna,
- Dates associated with a name: 1939-
670 ## - SOURCE DATA FOUND
- Source citation: Work cat.: (OSt)57941: Johansen, Hanna, 1939-, El pez /